Statistiques concernant Pays en Cercles - Asie - Carte Quiz

Cliquez ici pour prendre le quiz!

Statistiques générales

  • Ce quiz a été pris 231 fois
    (230 depuis la dernière actualisation)
  • Le résultat moyen est 24 sur 50

Réponses sur la Carte

Les réponses sont colorées sur une échelle allant du rouge au vert en fonction du pourcentage des utilisateurs qui les ont devinées à leur premier essai. Vous pouvez retrouver ces pourcentages ci-dessous.
 

Statistiques - réponses

Réponse% Correct
Chine
70%
Inde
61%
Chypre
60%
Corée du Nord
59%
Arabie Saoudite
58%
Corée du Sud
58%
Bhoutan
57%
Sri Lanka
57%
Oman
56%
Qatar
56%
Bahreïn
55%
Émirats arabes unis
55%
Maldives
55%
Russie
55%
Yémen
55%
Japon
54%
Bangladesh
52%
Myanmar
52%
Pakistan
52%
Mongolie
51%
Népal
51%
Koweït
50%
Irak
48%
Iran
48%
Israël
48%
Afghanistan
47%
Jordanie
47%
Kazakhstan
46%
Palestine
45%
Viêt Nam
44%
Indonésie
42%
Malaisie
42%
Syrie
42%
Thaïlande
42%
Cambodge
40%
Liban
40%
Timor oriental
40%
Turquie
40%
Arménie
38%
Laos
38%
Ouzbékistan
38%
Tadjikistan
38%
Turkménistan
38%
Azerbaïdjan
37%
Géorgie
37%
Kirghizistan
37%
Philippines
37%
Taïwan
36%
Brunei
32%
Singapour
30%

Distribution des résultats

Percentile par nombre de réponses

% des personnes avec chaque résultat

Votre développement - résultats

Vous n’avez pas pris ce quiz depuis la dernière actualisation